[Event "Королевский Гамбит. Южный Федеральный округ."]
[Date "2025-11-21"]
[Round "5.4"]
[Board "4"]
[White "Погорелова Мирослава"]
[WhiteElo "1038"]
[Black "Полина Сурова"]
[BlackElo "1003"]
[WebSite "https://www.chessopen.ru"]
[GameId "cfea6933-9c8b-4af3-a65a-c2ae71d5b46d"]
[Result "0-1"]

1. e4 { [%clk 0:10:00] } e6 { [%clk 0:10:01] } 2. d4 { [%clk 0:09:59] } d5 {
[%clk 0:10:03] } 3. exd5 { [%clk 0:09:58] } exd5 { [%clk 0:10:05] } 4. Bb5+ {
[%clk 0:09:56] } c6 { [%clk 0:10:02] } 5. Bd3 { [%clk 0:09:49] } c5 { [%clk
0:10:01] } 6. dxc5 { [%clk 0:09:50] } Bxc5 { [%clk 0:10:01] } 7. Nc3 { [%clk
0:09:50] } Nc6 { [%clk 0:10:02] } 8. Bd2 { [%clk 0:09:44] } Nf6 { [%clk
0:09:51] } 9. Nf3 { [%clk 0:09:44] } O-O { [%clk 0:09:45] } 10. Bg5 { [%clk
0:09:43] } h6 { [%clk 0:09:34] } 11. Bh4 { [%clk 0:09:42] } Nd4 { [%clk
0:09:30] } 12. Nxd4 { [%clk 0:09:37] } Bxd4 { [%clk 0:09:30] } 13. Nb5 { [%clk
0:09:35] } Bxb2 { [%clk 0:09:10] } 14. Rb1 { [%clk 0:09:32] } Be5 { [%clk
0:08:51] } 15. O-O { [%clk 0:09:31] } Bc7 { [%clk 0:08:48] } 16. Qe2 { [%clk
0:09:22] } Re8 { [%clk 0:08:39] } 17. Qd2 { [%clk 0:09:18] } Bb6 { [%clk
0:08:29] } 18. Nc3 { [%clk 0:09:15] } Be6 { [%clk 0:08:14] } 19. Bb5 { [%clk
0:09:08] } Re7 { [%clk 0:08:03] } 20. Qf4 { [%clk 0:08:58] } Qc7 { [%clk
0:07:53] } 21. Qf3 { [%clk 0:08:48] } Bd4 { [%clk 0:07:37] } 22. Ne2 { [%clk
0:08:40] } Be5 { [%clk 0:07:29] } 23. Bd3 { [%clk 0:08:29] } Bg4 { [%clk
0:06:56] } 24. Qg3 { [%clk 0:08:04] } Bxg3 { [%clk 0:06:54] } 25. Bxg3 { [%clk
0:08:04] } Qd7 { [%clk 0:06:49] } 26. Nf4 { [%clk 0:07:52] } Ne4 { [%clk
0:06:25] } 27. Bxe4 { [%clk 0:07:40] } Rxe4 { [%clk 0:06:13] } 28. Rb5 { [%clk
0:07:34] } Qxb5 { [%clk 0:06:13] } 29. Bh4 { [%clk 0:07:26] } Rxf4 { [%clk
0:06:11] } 30. Be7 { [%clk 0:07:17] } Rd4 { [%clk 0:06:05] } 31. Re1 { [%clk
0:07:16] } Rd1 { [%clk 0:06:01] } 32. Rxd1 { [%clk 0:07:15] } Bxd1 { [%clk
0:05:55] } 33. h3 { [%clk 0:07:15] } Re8 { [%clk 0:05:47] } 34. Ba3 { [%clk
0:07:08] } Re1+ { [%clk 0:05:44] } 35. Kh2 { [%clk 0:07:04] } Qf1 { [%clk
0:05:45] } 36. Bc5 { [%clk 0:06:57] } Qh1+ { [%clk 0:05:40] } 37. Kg3 { [%clk
0:06:55] } Rg1 { [%clk 0:05:41] } 38. f3 { [%clk 0:06:47] } Qxg2+ { [%clk
0:05:39] } 39. Kf4 { [%clk 0:06:45] } Qg5# { [%clk 0:05:41] } 0-1

[Event "Королевский Гамбит. Южный Федеральный округ."]
[Date "2025-11-21"]
[Round "5.5"]
[Board "5"]
[White "Бажин Радомир"]
[WhiteElo "1029"]
[Black "Рылов Владимир"]
[BlackElo "990"]
[WebSite "https://www.chessopen.ru"]
[GameId "3fe3cd41-a8cd-44ab-8d70-16bd59a467fe"]
[Result "1-0"]

1. e4 { [%clk 0:09:59] } e5 { [%clk 0:10:00] } 2. Nf3 { [%clk 0:10:01] } Nc6 {
[%clk 0:10:01] } 3. Bc4 { [%clk 0:10:01] } Nf6 { [%clk 0:10:01] } 4. Ng5 {
[%clk 0:10:02] } d5 { [%clk 0:10:02] } 5. exd5 { [%clk 0:10:02] } Nxd5 { [%clk
0:10:00] } 6. Nxf7 { [%clk 0:09:59] } Kxf7 { [%clk 0:09:59] } 7. Qf3+ { [%clk
0:09:59] } Ke8 { [%clk 0:09:56] } 8. Bxd5 { [%clk 0:09:58] } Be7 { [%clk
0:09:40] } 9. Bf7+ { [%clk 0:09:36] } Kf8 { [%clk 0:09:32] } 10. Be6+ { [%clk
0:09:36] } Bf6 { [%clk 0:09:31] } 11. Bxc8 { [%clk 0:09:37] } Qxc8 { [%clk
0:09:33] } 12. O-O { [%clk 0:09:31] } Nd4 { [%clk 0:09:30] } 13. Qe3 { [%clk
0:09:17] } Nxc2 { [%clk 0:09:28] } 14. Qc5+ { [%clk 0:09:16] } Be7 { [%clk
0:09:26] } 15. Qxc2 { [%clk 0:09:17] } Kf7 { [%clk 0:09:23] } 16. b3 { [%clk
0:09:16] } Re8 { [%clk 0:09:19] } 17. Bb2 { [%clk 0:09:17] } Bf6 { [%clk
0:09:15] } 18. Qxh7 { [%clk 0:09:04] } Qe6 { [%clk 0:09:02] } 19. Qh5+ { [%clk
0:08:45] } Kg8 { [%clk 0:09:02] } 20. Nc3 { [%clk 0:08:45] } e4 { [%clk
0:08:56] } 21. Rae1 { [%clk 0:08:40] } Bxc3 { [%clk 0:08:51] } 22. Bxc3 { [%clk
0:08:43] } Qd6 { [%clk 0:08:37] } 23. Re3 { [%clk 0:08:33] } Re7 { [%clk
0:08:06] } 24. Rh3 { [%clk 0:08:28] } Rae8 { [%clk 0:08:01] } 25. Qh8+ { [%clk
0:08:27] } Kf7 { [%clk 0:08:00] } 26. Qxg7+ { [%clk 0:08:28] } Ke6 { [%clk
0:08:01] } 27. Qg4+ { [%clk 0:08:28] } Kd5 { [%clk 0:07:56] } 28. Rh5+ { [%clk
0:08:20] } Kc6 { [%clk 0:07:52] } 29. Rc1 { [%clk 0:08:17] } Kb6 { [%clk
0:07:42] } 30. Qe2 { [%clk 0:07:28] } c6 { [%clk 0:07:37] } 31. Ba5# { [%clk
0:07:27] } 1-0

[Event "Королевский Гамбит. Южный Федеральный округ."]
[Date "2025-11-21"]
[Round "5.5"]
[Board "5"]
[White "Гусаков Тимофей"]
[WhiteElo "1001"]
[Black "Шашмурин Виталий"]
[BlackElo "1001"]
[WebSite "https://www.chessopen.ru"]
[GameId "3d0f7826-23a0-4355-ab56-f227c3cdc407"]
[Result "0-1"]

1. e4 { [%clk 0:10:00] } e5 { [%clk 0:10:01] } 2. Nf3 { [%clk 0:10:00] } Nf6 {
[%clk 0:10:02] } 3. Nc3 { [%clk 0:09:58] } Nc6 { [%clk 0:10:04] } 4. Bc4 {
[%clk 0:09:54] } Bc5 { [%clk 0:10:04] } 5. O-O { [%clk 0:09:54] } O-O { [%clk
0:10:05] } 6. h3 { [%clk 0:09:49] } h6 { [%clk 0:10:05] } 7. a3 { [%clk
0:09:34] } d6 { [%clk 0:10:06] } 8. b4 { [%clk 0:09:33] } Bd4 { [%clk 0:10:01]
} 9. Nxd4 { [%clk 0:09:26] } Nxd4 { [%clk 0:09:58] } 10. d3 { [%clk 0:09:16] }
Be6 { [%clk 0:09:56] } 11. Nd5 { [%clk 0:08:55] } Nxd5 { [%clk 0:09:48] } 12.
exd5 { [%clk 0:08:54] } Bd7 { [%clk 0:09:48] } 13. c3 { [%clk 0:08:31] } Nb5 {
[%clk 0:09:45] } 14. Bxb5 { [%clk 0:08:31] } Bxb5 { [%clk 0:09:45] } 15. Qg4 {
[%clk 0:08:29] } Kh8 { [%clk 0:09:44] } 16. Bxh6 { [%clk 0:08:23] } gxh6 {
[%clk 0:09:38] } 17. c4 { [%clk 0:08:23] } Bd7 { [%clk 0:09:37] } 18. Qh5 {
[%clk 0:08:22] } Qf6 { [%clk 0:09:33] } 19. c5 { [%clk 0:08:17] } Qg6 { [%clk
0:09:31] } 20. Qxg6 { [%clk 0:08:11] } fxg6 { [%clk 0:09:28] } 21. cxd6 { [%clk
0:08:11] } cxd6 { [%clk 0:09:27] } 22. Rfe1 { [%clk 0:08:13] } Rac8 { [%clk
0:09:27] } 23. Re4 { [%clk 0:07:59] } Kg7 { [%clk 0:09:25] } 24. d4 { [%clk
0:07:49] } Rfe8 { [%clk 0:09:19] } 25. dxe5 { [%clk 0:07:39] } Rxe5 { [%clk
0:09:19] } 26. Rxe5 { [%clk 0:07:40] } dxe5 { [%clk 0:09:21] } 27. Re1 { [%clk
0:07:41] } Kf6 { [%clk 0:09:22] } 28. g4 { [%clk 0:07:38] } Rc3 { [%clk
0:09:17] } 29. Ra1 { [%clk 0:07:32] } Rd3 { [%clk 0:09:10] } 30. h4 { [%clk
0:07:26] } Rxd5 { [%clk 0:09:10] } 31. Kh2 { [%clk 0:07:27] } Rd4 { [%clk
0:09:11] } 32. f3 { [%clk 0:07:26] } Rd3 { [%clk 0:09:11] } 33. Kg3 { [%clk
0:07:21] } e4 { [%clk 0:09:06] } 34. g5+ { [%clk 0:07:10] } hxg5 { [%clk
0:09:07] } 35. hxg5+ { [%clk 0:07:12] } Kxg5 { [%clk 0:09:07] } 36. Kf2 { [%clk
0:07:13] } Rxf3+ { [%clk 0:09:06] } 37. Ke2 { [%clk 0:07:12] } Bb5+ { [%clk
0:09:05] } 38. Kd2 { [%clk 0:07:12] } e3+ { [%clk 0:09:01] } 39. Kc3 { [%clk
0:07:09] } e2+ { [%clk 0:09:03] } 40. Kd4 { [%clk 0:07:10] } Rf1 { [%clk
0:09:00] } 41. Rxf1 { [%clk 0:07:09] } exf1=Q { [%clk 0:09:00] } 42. Kc5 {
[%clk 0:07:12] } Qc4+ { [%clk 0:08:59] } 0-1

[Event "Королевский Гамбит. Южный Федеральный округ."]
[Date "2025-11-21"]
[Round "5.5"]
[Board "5"]
[White "Лосев Платон"]
[WhiteElo "970"]
[Black "Гончаров Дмитрий"]
[BlackElo "989"]
[WebSite "https://www.chessopen.ru"]
[GameId "9e210905-76bc-4c81-81e8-a85b4edbbb9f"]
[Result "0-1"]

1. e4 { [%clk 0:09:56] } c5 { [%clk 0:10:00] } 2. e5 { [%clk 0:09:49] } Nc6 {
[%clk 0:09:59] } 3. f4 { [%clk 0:09:41] } g5 { [%clk 0:10:00] } 4. d3 { [%clk
0:09:36] } gxf4 { [%clk 0:09:59] } 5. Bxf4 { [%clk 0:09:35] } Bg7 { [%clk
0:10:00] } 6. Nf3 { [%clk 0:09:31] } f6 { [%clk 0:09:56] } 7. Nc3 { [%clk
0:09:17] } fxe5 { [%clk 0:09:56] } 8. d4 { [%clk 0:08:43] } exf4 { [%clk
0:09:53] } 9. d5 { [%clk 0:08:37] } Nd4 { [%clk 0:09:46] } 10. Bc4 { [%clk
0:08:18] } Nxf3+ { [%clk 0:09:47] } 11. Qxf3 { [%clk 0:08:15] } Bxc3+ { [%clk
0:09:39] } 12. Qxc3 { [%clk 0:08:14] } Nf6 { [%clk 0:09:38] } 13. Rd1 { [%clk
0:07:52] } d6 { [%clk 0:09:29] } 14. Rf1 { [%clk 0:07:20] } O-O { [%clk
0:09:26] } 15. Rxf4 { [%clk 0:07:15] } Bg4 { [%clk 0:08:56] } 16. Rd3 { [%clk
0:06:48] } Qd7 { [%clk 0:08:44] } 17. h3 { [%clk 0:06:42] } Bf5 { [%clk
0:08:43] } 18. Rg3+ { [%clk 0:06:32] } Kf7 { [%clk 0:08:33] } 19. b4 { [%clk
0:06:12] } cxb4 { [%clk 0:08:29] } 20. Qxb4 { [%clk 0:06:09] } Bxc2 { [%clk
0:08:29] } 21. Bd3 { [%clk 0:05:35] } Bxd3 { [%clk 0:08:25] } 22. Rxd3 { [%clk
0:05:24] } Rg8 { [%clk 0:08:25] } 23. Rf2 { [%clk 0:05:07] } Rac8 { [%clk
0:08:20] } 24. g4 { [%clk 0:04:44] } Rc1+ { [%clk 0:07:11] } 25. Rd1 { [%clk
0:04:14] } Qc7 { [%clk 0:07:01] } 26. g5 { [%clk 0:03:54] } Rxg5 { [%clk
0:06:54] } 27. Qf4 { [%clk 0:03:39] } Qc3+ { [%clk 0:06:52] } 28. Rd2 { [%clk
0:03:24] } Rg1+ { [%clk 0:06:49] } 29. Ke2 { [%clk 0:03:06] } Rcxd1 { [%clk
0:06:42] } 30. Rxd1 { [%clk 0:03:03] } Qc2+ { [%clk 0:06:43] } 31. Qd2 { [%clk
0:03:00] } Rg2+ { [%clk 0:06:43] } 32. Ke1 { [%clk 0:02:56] } Qe4+ { [%clk
0:06:42] } 33. Qe2 { [%clk 0:02:44] } Qxe2# { [%clk 0:06:43] } 0-1

[Event "Королевский Гамбит. Южный Федеральный округ."]
[Date "2025-11-21"]
[Round "5.5"]
[Board "5"]
[White "Мещерин Егор"]
[WhiteElo "1010"]
[Black "Zaharov Makar"]
[BlackElo "971"]
[WebSite "https://www.chessopen.ru"]
[GameId "d9e9b4d3-938c-4ca3-a1ff-eacbf2febb13"]
[Result "1-0"]

1. d4 { [%clk 0:10:00] } e6 { [%clk 0:09:58] } 2. Bf4 { [%clk 0:10:01] } Bb4+ {
[%clk 0:09:57] } 3. c3 { [%clk 0:10:01] } Bf8 { [%clk 0:09:54] } 4. Nf3 { [%clk
0:10:02] } Bd6 { [%clk 0:09:51] } 5. Bg3 { [%clk 0:10:03] } Nc6 { [%clk
0:09:50] } 6. e3 { [%clk 0:10:01] } Nf6 { [%clk 0:09:05] } 7. Bd3 { [%clk
0:09:59] } O-O { [%clk 0:09:05] } 8. Nbd2 { [%clk 0:09:57] } Re8 { [%clk
0:09:01] } 9. Qe2 { [%clk 0:09:57] } h5 { [%clk 0:08:57] } 10. e4 { [%clk
0:09:56] } Bxg3 { [%clk 0:08:42] } 11. hxg3 { [%clk 0:09:54] } d5 { [%clk
0:08:13] } 12. e5 { [%clk 0:09:50] } Ng4 { [%clk 0:07:32] } 13. O-O-O { [%clk
0:09:41] } g6 { [%clk 0:06:42] } 14. Rh4 { [%clk 0:09:27] } Nh6 { [%clk
0:06:35] } 15. Rdh1 { [%clk 0:09:24] } f5 { [%clk 0:04:14] } 16. Ne1 { [%clk
0:08:58] } Qg5 { [%clk 0:03:52] } 17. Nf3 { [%clk 0:08:52] } Qe7 { [%clk
0:03:40] } 18. Ne1 { [%clk 0:08:49] } Ng4 { [%clk 0:02:51] } 19. f3 { [%clk
0:08:40] } Nh6 { [%clk 0:02:42] } 20. g4 { [%clk 0:08:28] } Qf7 { [%clk
0:02:24] } 21. gxh5 { [%clk 0:08:24] } gxh5 { [%clk 0:02:23] } 22. Rxh5 { [%clk
0:08:20] } Ng4 { [%clk 0:02:10] } 23. fxg4 { [%clk 0:08:14] } fxg4 { [%clk
0:02:10] } 24. Rh8+ { [%clk 0:08:13] } Kg7 { [%clk 0:02:08] } 25. R1h7# { [%clk
0:08:11] } 1-0

[Event "Королевский Гамбит. Южный Федеральный округ."]
[Date "2025-11-21"]
[Round "5.6"]
[Board "6"]
[White "Алёхин Кирилл"]
[WhiteElo "1038"]
[Black "Шведов Глеб"]
[BlackElo "1029"]
[WebSite "https://www.chessopen.ru"]
[GameId "3aab2739-da7a-41e7-aa12-449c97f05ba4"]
[Result "0-1"]

1. e4 { [%clk 0:10:01] } c5 { [%clk 0:10:01] } 2. Nf3 { [%clk 0:09:59] } d6 {
[%clk 0:10:00] } 3. Bc4 { [%clk 0:09:58] } e6 { [%clk 0:10:02] } 4. O-O { [%clk
0:09:55] } a6 { [%clk 0:09:59] } 5. h3 { [%clk 0:09:53] } b5 { [%clk 0:10:00] }
6. Bd3 { [%clk 0:09:52] } Nf6 { [%clk 0:09:58] } 7. e5 { [%clk 0:09:42] } dxe5
{ [%clk 0:09:59] } 8. Nxe5 { [%clk 0:09:43] } Bb7 { [%clk 0:09:57] } 9. Be2 {
[%clk 0:09:25] } Bd6 { [%clk 0:09:57] } 10. Nd3 { [%clk 0:09:21] } c4 { [%clk
0:09:56] } 11. Ne1 { [%clk 0:09:14] } O-O { [%clk 0:09:56] } 12. d3 { [%clk
0:09:15] } cxd3 { [%clk 0:09:48] } 13. Bxd3 { [%clk 0:09:15] } Qe7 { [%clk
0:09:23] } 14. Bg5 { [%clk 0:09:07] } Nbd7 { [%clk 0:09:23] } 15. Nf3 { [%clk
0:09:03] } Rad8 { [%clk 0:09:18] } 16. Qd2 { [%clk 0:08:40] } h6 { [%clk
0:09:08] } 17. Bxf6 { [%clk 0:08:39] } Nxf6 { [%clk 0:09:04] } 18. Nc3 { [%clk
0:08:27] } b4 { [%clk 0:08:54] } 19. Ne4 { [%clk 0:08:16] } Nxe4 { [%clk
0:08:50] } 20. Bxe4 { [%clk 0:08:09] } Bh2+ { [%clk 0:08:51] } 21. Kxh2 { [%clk
0:07:59] } Rxd2 { [%clk 0:08:51] } 22. Nxd2 { [%clk 0:07:50] } Bxe4 { [%clk
0:08:39] } 23. Nxe4 { [%clk 0:07:46] } Qc7+ { [%clk 0:08:40] } 24. Kg1 { [%clk
0:07:44] } Qxc2 { [%clk 0:08:42] } 25. Nd6 { [%clk 0:07:14] } Rd8 { [%clk
0:08:34] } 26. Nxf7 { [%clk 0:07:11] } Kxf7 { [%clk 0:08:30] } 27. Rac1 { [%clk
0:06:51] } Qxb2 { [%clk 0:08:30] } 28. Ra1 { [%clk 0:06:50] } Rd2 { [%clk
0:08:22] } 29. Rfb1 { [%clk 0:06:42] } Qc2 { [%clk 0:08:21] } 30. Rxb4 { [%clk
0:06:27] } Rxf2 { [%clk 0:08:20] } 31. Rb7+ { [%clk 0:06:22] } Kg6 { [%clk
0:08:18] } 32. Rf1 { [%clk 0:06:16] } Rxg2+ { [%clk 0:08:19] } 33. Kh1 { [%clk
0:06:14] } Rh2+ { [%clk 0:08:22] } 34. Kg1 { [%clk 0:06:14] } Qg2# { [%clk
0:08:24] } 0-1

[Event "Королевский Гамбит. Южный Федеральный округ."]
[Date "2025-11-21"]
[Round "5.6"]
[Board "6"]
[White "Бобчук Захар"]
[WhiteElo "970"]
[Black "Щеблыкина Мария"]
[BlackElo "1010"]
[WebSite "https://www.chessopen.ru"]
[GameId "68a1bef1-e729-495f-b9a4-375f6b389014"]
[Result "0-1"]

1. e4 { [%clk 0:09:56] } e5 { [%clk 0:09:10] } 2. Bc4 { [%clk 0:09:43] } Nc6 {
[%clk 0:09:10] } 3. Bd5 { [%clk 0:09:41] } Nf6 { [%clk 0:09:05] } 4. Bxc6 {
[%clk 0:09:33] } dxc6 { [%clk 0:09:01] } 5. Nc3 { [%clk 0:09:29] } Bb4 { [%clk
0:08:57] } 6. Na4 { [%clk 0:09:28] } Qd4 { [%clk 0:08:51] } 7. Nf3 { [%clk
0:09:19] } Qxe4+ { [%clk 0:08:52] } 8. Kf1 { [%clk 0:09:01] } O-O { [%clk
0:08:49] } 9. Nxe5 { [%clk 0:08:56] } Qxe5 { [%clk 0:08:48] } 10. d4 { [%clk
0:08:53] } Qb5+ { [%clk 0:08:38] } 11. c4 { [%clk 0:08:38] } Qxc4+ { [%clk
0:08:33] } 12. Kg1 { [%clk 0:08:16] } Bd7 { [%clk 0:08:22] } 13. Nc5 { [%clk
0:08:12] } Bxc5 { [%clk 0:08:11] } 14. g4 { [%clk 0:08:08] } Bxg4 { [%clk
0:07:55] } 15. h4 { [%clk 0:07:53] } Bxd1 { [%clk 0:07:54] } 16. Rh3 { [%clk
0:07:46] } Bxd4 { [%clk 0:07:48] } 17. Rg3 { [%clk 0:07:33] } Rae8 { [%clk
0:07:29] } 18. Bg5 { [%clk 0:07:28] } Nh5 { [%clk 0:07:25] } 19. Bh6 { [%clk
0:07:26] } Re7 { [%clk 0:07:09] } 20. Rg2 { [%clk 0:07:20] } Re1+ { [%clk
0:07:06] } 21. Kh2 { [%clk 0:07:17] } Be5+ { [%clk 0:07:06] } 22. Kh3 { [%clk
0:07:06] } Qd3+ { [%clk 0:07:09] } 23. f3 { [%clk 0:06:59] } Nf4+ { [%clk
0:07:04] } 24. Bxf4 { [%clk 0:06:56] } Bxf4 { [%clk 0:07:03] } 25. a4 { [%clk
0:06:48] } Qxf3+ { [%clk 0:07:03] } 26. Rg3 { [%clk 0:06:33] } Qxg3# { [%clk
0:07:05] } 0-1

[Event "Королевский Гамбит. Южный Федеральный округ."]
[Date "2025-11-21"]
[Round "5.6"]
[Board "6"]
[White "Желтобрюхов ярослав"]
[WhiteElo "980"]
[Black "Уманцев Дмитрий"]
[BlackElo "1037"]
[WebSite "https://www.chessopen.ru"]
[GameId "83f6ae22-e4a8-4c68-98fb-21f169d42554"]
[Result "0-1"]

1. e3 { [%clk 0:10:01] } d5 { [%clk 0:09:58] } 2. d4 { [%clk 0:09:54] } Nf6 {
[%clk 0:09:59] } 3. Qf3 { [%clk 0:09:53] } Bg4 { [%clk 0:09:57] } 4. Qf4 {
[%clk 0:09:46] } e6 { [%clk 0:09:47] } 5. Nc3 { [%clk 0:09:37] } Bd6 { [%clk
0:09:46] } 6. Qg5 { [%clk 0:09:33] } O-O { [%clk 0:09:25] } 7. Bd3 { [%clk
0:09:25] } h6 { [%clk 0:09:17] } 8. Qh4 { [%clk 0:09:07] } Nbd7 { [%clk
0:08:45] } 9. f3 { [%clk 0:08:47] } Bf5 { [%clk 0:08:43] } 10. e4 { [%clk
0:08:33] } dxe4 { [%clk 0:08:24] } 11. fxe4 { [%clk 0:08:31] } Bh7 { [%clk
0:07:33] } 12. Nf3 { [%clk 0:08:25] } Ne8 { [%clk 0:07:19] } 13. Qxd8 { [%clk
0:08:14] } Rxd8 { [%clk 0:07:18] } 14. e5 { [%clk 0:08:06] } Bb4 { [%clk
0:07:09] } 15. Bxh7+ { [%clk 0:07:59] } Kxh7 { [%clk 0:07:09] } 16. Bd2 { [%clk
0:07:54] } c5 { [%clk 0:06:45] } 17. dxc5 { [%clk 0:07:51] } Nxc5 { [%clk
0:06:42] } 18. a3 { [%clk 0:07:40] } Bxc3 { [%clk 0:06:40] } 19. Bxc3 { [%clk
0:07:35] } Nc7 { [%clk 0:06:30] } 20. Bb4 { [%clk 0:07:18] } N7a6 { [%clk
0:06:18] } 21. Bxc5 { [%clk 0:07:09] } Nxc5 { [%clk 0:06:16] } 22. O-O { [%clk
0:07:05] } Rd5 { [%clk 0:06:07] } 23. c4 { [%clk 0:07:01] } Rd7 { [%clk
0:05:52] } 24. Rad1 { [%clk 0:06:48] } Rfd8 { [%clk 0:05:52] } 25. Rxd7 { [%clk
0:06:41] } Rxd7 { [%clk 0:05:51] } 26. b4 { [%clk 0:06:30] } Nd3 { [%clk
0:05:13] } 27. g4 { [%clk 0:06:15] } Nf4 { [%clk 0:04:59] } 28. h4 { [%clk
0:06:07] } Rd3 { [%clk 0:04:44] } 29. Ne1 { [%clk 0:05:45] } Rg3+ { [%clk
0:04:25] } 30. Kh2 { [%clk 0:05:35] } Rxg4 { [%clk 0:04:19] } 31. Nf3 { [%clk
0:05:24] } Rg2+ { [%clk 0:04:08] } 32. Kh1 { [%clk 0:05:19] } Ra2 { [%clk
0:04:05] } 33. Nd4 { [%clk 0:05:04] } Ne2 { [%clk 0:03:50] } 34. Nxe2 { [%clk
0:04:58] } Rxe2 { [%clk 0:03:42] } 35. Rxf7 { [%clk 0:04:52] } Re4 { [%clk
0:03:25] } 36. Rxb7 { [%clk 0:04:32] } Rxh4+ { [%clk 0:03:25] } 37. Kg2 { [%clk
0:04:28] } Rxc4 { [%clk 0:03:27] } 38. Rxa7 { [%clk 0:04:23] } Rc2+ { [%clk
0:03:21] } 39. Kf3 { [%clk 0:04:19] } h5 { [%clk 0:03:18] } 40. b5 { [%clk
0:04:01] } h4 { [%clk 0:03:04] } 41. b6 { [%clk 0:03:57] } h3 { [%clk 0:02:53]
} 42. b7 { [%clk 0:03:48] } h2 { [%clk 0:02:48] } 43. Ke3 { [%clk 0:03:11] }
h1=Q { [%clk 0:02:43] } 44. b8=Q { [%clk 0:03:04] } Qe1+ { [%clk 0:02:34] } 45.
Kd4 { [%clk 0:02:59] } Qd1+ { [%clk 0:02:31] } 46. Ke4 { [%clk 0:02:56] } Re2+
{ [%clk 0:02:32] } 47. Kf4 { [%clk 0:02:39] } Qf1+ { [%clk 0:02:30] } 48. Kg5 {
[%clk 0:02:36] } Rg2+ { [%clk 0:02:28] } 49. Kh5 { [%clk 0:02:34] } Qh1# {
[%clk 0:02:27] } 0-1

[Event "Королевский Гамбит. Южный Федеральный округ."]
[Date "2025-11-21"]
[Round "5.6"]
[Board "6"]
[White "Муцольгов Мухаммад"]
[WhiteElo "974"]
[Black "Безух Николай"]
[BlackElo "1019"]
[WebSite "https://www.chessopen.ru"]
[GameId "dbdc03c9-096d-430f-8bda-567702ac7ed2"]
[Result "0-1"]

1. e4 { [%clk 0:10:00] } e5 { [%clk 0:10:01] } 2. Nc3 { [%clk 0:10:00] } Bc5 {
[%clk 0:09:54] } 3. Nf3 { [%clk 0:09:55] } Nc6 { [%clk 0:09:50] } 4. Bb5 {
[%clk 0:09:49] } d6 { [%clk 0:09:45] } 5. Bxc6+ { [%clk 0:09:49] } bxc6 { [%clk
0:09:46] } 6. d3 { [%clk 0:09:42] } Bb4 { [%clk 0:09:25] } 7. Bg5 { [%clk
0:09:40] } f6 { [%clk 0:09:14] } 8. Bh4 { [%clk 0:09:35] } Bxc3+ { [%clk
0:09:12] } 9. bxc3 { [%clk 0:09:36] } d5 { [%clk 0:09:12] } 10. exd5 { [%clk
0:09:37] } cxd5 { [%clk 0:09:13] } 11. c4 { [%clk 0:09:37] } dxc4 { [%clk
0:09:14] } 12. dxc4 { [%clk 0:09:38] } Qxd1+ { [%clk 0:09:16] } 13. Rxd1 {
[%clk 0:09:39] } Ne7 { [%clk 0:09:14] } 14. O-O { [%clk 0:09:40] } O-O { [%clk
0:09:15] } 15. g3 { [%clk 0:09:16] } Bh3 { [%clk 0:09:12] } 16. Rfe1 { [%clk
0:09:10] } Bg4 { [%clk 0:09:10] } 17. Rd7 { [%clk 0:08:59] } Bxf3 { [%clk
0:09:03] } 18. Rxe7 { [%clk 0:09:00] } Rad8 { [%clk 0:09:02] } 19. Rxc7 { [%clk
0:08:59] } a5 { [%clk 0:09:02] } 20. Ra7 { [%clk 0:08:43] } Rd2 { [%clk
0:08:56] } 21. Rxa5 { [%clk 0:08:05] } Rxc2 { [%clk 0:08:55] } 22. Re3 { [%clk
0:08:02] } Bh5 { [%clk 0:08:40] } 23. Re4 { [%clk 0:07:56] } Bf3 { [%clk
0:08:37] } 24. Re3 { [%clk 0:07:55] } Bh5 { [%clk 0:08:37] } 25. Re4 { [%clk
0:07:55] } Rd8 { [%clk 0:08:37] } 26. g4 { [%clk 0:07:51] } Rd1+ { [%clk
0:08:28] } 27. Kg2 { [%clk 0:07:52] } Bg6 { [%clk 0:08:27] } 28. Ra6 { [%clk
0:07:52] } Bxe4+ { [%clk 0:08:27] } 29. Kg3 { [%clk 0:07:40] } Rd3+ { [%clk
0:08:28] } 30. f3 { [%clk 0:07:38] } Rxf3# { [%clk 0:08:28] } 0-1

[Event "Королевский Гамбит. Южный Федеральный округ."]
[Date "2025-11-21"]
[Round "5.6"]
[Board "6"]
[White "Рыжков Вячеслав"]
[WhiteElo "989"]
[Black "Михаил Асрян"]
[BlackElo "971"]
[WebSite "https://www.chessopen.ru"]
[GameId "61ef90de-5b62-4b96-9a53-8072656cf2a9"]
[Result "1-0"]

1. e3 { [%clk 0:10:00] } e5 { [%clk 0:10:00] } 2. Nf3 { [%clk 0:10:02] } Nc6 {
[%clk 0:09:58] } 3. Nc3 { [%clk 0:10:01] } Bc5 { [%clk 0:09:53] } 4. Bb5 {
[%clk 0:10:01] } a6 { [%clk 0:09:52] } 5. Bxc6 { [%clk 0:10:01] } bxc6 { [%clk
0:09:46] } 6. Kf1 { [%clk 0:09:58] } Qf6 { [%clk 0:09:30] } 7. d4 { [%clk
0:09:45] } Bb4 { [%clk 0:09:04] } 8. a4 { [%clk 0:09:42] } a5 { [%clk 0:09:01]
} 9. dxe5 { [%clk 0:09:35] } Ba6+ { [%clk 0:08:34] } 10. Ne2 { [%clk 0:09:17] }
Qg6 { [%clk 0:08:09] } 11. c3 { [%clk 0:08:52] } Bc5 { [%clk 0:08:00] } 12. b3
{ [%clk 0:07:53] } f6 { [%clk 0:07:32] } 13. c4 { [%clk 0:07:35] } Rb8 { [%clk
0:06:43] } 14. Nc3 { [%clk 0:07:02] } Rb4 { [%clk 0:06:13] } 15. Ba3 { [%clk
0:06:55] } Rb6 { [%clk 0:05:58] } 16. Bxc5 { [%clk 0:06:54] } Rb8 { [%clk
0:05:54] } 17. Qd4 { [%clk 0:05:05] } Rxb3 { [%clk 0:05:20] } 18. Rd1 { [%clk
0:04:05] } Bc8 { [%clk 0:04:02] } 19. Nd2 { [%clk 0:03:11] } Rb2 { [%clk
0:03:15] } 20. Nd5 { [%clk 0:02:43] } Rc2 { [%clk 0:02:05] } 21. Nxc7+ { [%clk
0:02:41] } Kd8 { [%clk 0:01:30] } 22. Qd6 { [%clk 0:02:30] } h6 { [%clk
0:00:33] } 23. Ne6+ { [%clk 0:02:30] } Ke8 { [%clk 0:00:26] } 24. Qf8# { [%clk
0:02:31] } 1-0